Imprints of the past : (Record no. 138317)

MARC details
000 -LEADER
fixed length control field 00642nam a22001937a 4500
005 - DATE AND TIME OF LATEST TRANSACTION
control field 20170322103649.0
010 ## - LCCN (DPL NO)
LC control number ENG-117512
020 ## - INTERNATIONAL STANDARD BOOK NUMBER
International Standard Book Number 9789383079018
Terms of availability 250.00
035 ## - SYSTEM CONTROL NUMBER
System control number EN-101044
037 ## - SOURCE OF ACQUISITION
Source of stock number/acquisition DBAD/PUB
082 ## - DEWEY DECIMAL CLASSIFICATION NUMBER
Classification number 954.5
100 ## - MAIN ENTRY--PERSONAL NAME
Personal name Hari Shankar,B.S.
245 ## - TITLE STATEMENT
Title Imprints of the past :
Statement of responsibility, etc by B.S.Hari shankar
Remainder of title an archaeological outline of northeast India /
260 ## - PUBLICATION, DISTRIBUTION, ETC. (IMPRINT)
Place of publication, distribution, etc Assam
Name of publisher, distributor, etc Vivekananda Kendra Institute of Culture
Date of publication, distribution, etc 2015
270 ## - ADDRESS
Address M.G. Road, Riverside Uzanbazar, Guwahati
City Assam
Postal code 781001
300 ## - PHYSICAL DESCRIPTION
Extent xxi,289p.:
Other physical details 21cm(Hb)
Dimensions (maps)
500 ## - GENERAL NOTE
General note includes Index
942 ## - ADDED ENTRY ELEMENTS (KOHA)
Source of classification or shelving scheme Dewey Decimal Classification
Item type English Books
Classification part 954.5
Call number suffix HAR
Holdings
Withdrawn status Lost status Not for loan Collection code Home library Current library Date acquired Source of acquisition Cost, normal purchase price Full call number Barcode Copy number Cost, replacement price Koha item type
      Non-fiction Central Jail Tihar Central Jail Tihar 17/03/2017 DBAD/PUB 250.00 954.5 HAR EN-101044 1 250.00 English Books

© Delhi Public Library
Hit Counter
free hit counter